|
|
|
|
| LEADER |
00604nam a22001457a 4500 |
| 008 |
161022b xxu||||| |||| 00| 0 eng d |
| 082 |
|
|
|a 616.07
|b PUR/EV
|
| 100 |
|
|
|a Purnima,C
|d 14-MVM-09
|
| 245 |
|
|
|a Evaluation of mast cell response in caecal coccidiosis broiler chicken in sub-lethal ochratoxicosis
|
| 260 |
|
|
|a Mannuthy
|b College of Veterinary and Animal Sciences
|c 2016
|
| 300 |
|
|
|a 67p.
|
| 650 |
|
|
|a MVSc Thesis
|a Veterinary Pathology
|
| 942 |
|
|
|2 ddc
|c TH
|
| 999 |
|
|
|c 21513
|d 21513
|
| 952 |
|
|
|0 0
|1 0
|2 ddc
|4 0
|6 616_070000000000000_PUREV
|7 0
|9 21508
|a COVAS
|b COVAS
|d 2016-10-22
|o 616.07 PUR/EV
|p TH1379
|r 2016-10-22
|w 2016-10-22
|y TH
|